000 00280nam a2200133 i 4500
001 bg
100 1 _aPYLE, Ian C.
245 0 _aAda /
_cIan C. Pyle.
260 _aWarszawa,
_c1986.
040 _cBPK
041 _apol
942 _cKS
008 s pl f |000 0 pol
999 _c23080
_d23080
856 _uhttp://koha.tu.koszalin.pl/cgi-bin/koha/opac-detail.pl?biblionumber=23080
_yKatalog online BPK